Obras completas de San Anselmo (Record no. 170780)

MARC details
000 -LEADER
campo de control de longitud fija 01159nam a2200217 i 4500
001 - NÚMERO DE CONTROL
campo de control 170780
003 - IDENTIFICADOR DE NÚMERO DE CONTROL
campo de control ES-MaACL
005 - FECHA Y HORA DE LA ÚLTIMA TRANSACCIÓN
campo de control 20250808062742.0
008 - DATOS DE LONGITUD FIJA--INFORMACIÓN GENERAL
campo de control de longitud fija 090406s1953 sp |||| | spa d
100 0# - ENTRADA PRINCIPAL--NOMBRE DE PERSONA
Nombre de persona Anselmo
Títulos y otros términos asociados al nombre Santo, Arzobispo de Canterbury.
9 (RLIN) 21838
245 10 - MENCIÓN DEL TÍTULO
Título Obras completas de San Anselmo
Resto del título : traducidas por primera vez al castellano, texto latino de la edición crítica del P. Schmidt.
Número de parte o sección de la obra II /
Mención de responsabilidad, etc. introducción general, versión castellana y notas teológicas sacadas de los comentarios del P. Olivares por Julian Alameda.
260 ## - PUBLICACIÓN, DISTRIBUCIÓN, ETC.
Lugar de publicación, distribución, etc. Madrid :
Nombre del editor, distribuidor, etc. La Editorial Católica,
Fecha de publicación, distribución, etc. 1953.
300 ## - DESCRIPCIÓN FÍSICA
Extensión XV, 804 p. ;
Dimensiones 20 cm.
490 1# - MENCIÓN DE SERIE
Mención de serie Biblioteca de autores cristianos ;
Designación de volumen o secuencia 100
505 8# - NOTA DE CONTENIDO CON FORMATO
Nota de contenido con formato Contiene : De la concepción virginal y del pecado original ; Sobre la procesión del Espíritu Santo ; Cartas dogmáticas ; De la concordia de la presciencia, de la predestinación y gracia divina con el libre albedrío ; Oraciones y meditaciones ; Cartas
546 ## - NOTA DE IDIOMA
Nota de lengua/lenguaje Texto en latín y español.
700 0# - ENTRADA AGREGADA--NOMBRE PERSONAL
Nombre de persona Alameda, Julián.
9 (RLIN) 19097
830 00 - PUNTO DE ACCESO ADICIONAL DE SERIE-TÍTULO UNIFORME
Título uniforme Biblioteca de autores cristianos
Designación de volumen o secuencia 100
9 (RLIN) 178679
852 ## - LOCALIZACIÓN
Ubicación ES-MaACL
Número de control de estantería J-98
Holdings
Estatus retirado Estado de pérdida Estado de daño No para préstamo Biblioteca de origen Biblioteca actual Ubicación en estantería Fecha de adquisición Fuente de adquisición Total de préstamos Signatura topográfica completa Código de barras Visto por última vez Precio de reemplazo Tipo de ítem Koha
        Biblioteca del Ateneo de Madrid Biblioteca del Ateneo de Madrid Depósito 2 06/04/2009     J-98 1179232 23/02/2023 23/02/2023 Libro impreso